Internet Freedom Software and Illicit Activity (Record no. 352234)
[ view plain ]
| 000 -LEADER | |
|---|---|
| fixed length control field | 00668nam a2200133Ia 4500 |
| 008 - FIXED-LENGTH DATA ELEMENTS--GENERAL INFORMATION | |
| fixed length control field | 171212s9999 xx 000 0 und d |
| 020 ## - INTERNATIONAL STANDARD BOOK NUMBER | |
| International Standard Book Number | 9780833091109 |
| 100 ## - MAIN ENTRY--PERSONAL NAME | |
| Personal name | Romanosky, Sasha;Libicki, Martin C.;Winkelman, Zev;Tkacheva, Olesya |
| 245 ## - TITLE STATEMENT | |
| Statement of responsibility, etc | Romanosky, Sasha;Libicki, Martin C.;Winkelman, Zev;Tkacheva, Olesya |
| Title | Internet Freedom Software and Illicit Activity |
| Remainder of title | Supporting Human Rights Without Enabling Criminals |
| 260 ## - PUBLICATION, DISTRIBUTION, ETC. (IMPRINT) | |
| Name of publisher, distributor, etc | RAND Corporation |
| Date of publication, distribution, etc | 2015 |
| 650 ## - SUBJECT ADDED ENTRY--TOPICAL TERM | |
| Topical term or geographic name as entry element | Internet access; Freedom of information; Human rights; Computer crimes -- Prevention; Internet -- Moral and ethical aspects |
| 650 ## - SUBJECT ADDED ENTRY--TOPICAL TERM | |
| Topical term or geographic name as entry element | Law |
| 856 ## - ELECTRONIC LOCATION AND ACCESS | |
| Uniform Resource Identifier | <a href="http://jstor.org/stable/10.7249/j.ctt17mvhd1">http://jstor.org/stable/10.7249/j.ctt17mvhd1</a> |
| Withdrawn status | Lost status | Damaged status | Home library | Current library | Date acquired | Total Checkouts | Full call number | Date last seen | Price effective from | Koha item type |
|---|---|---|---|---|---|---|---|---|---|---|
| College Library | College Library | 12/12/2017 | TK5105.8855 | 12/12/2017 | 12/12/2017 | Curriculum - Based eBooks |